000 00387 a2200169 4500
001 191071
020 _a978-85-8054-199-1
040 _cMagnum
100 _aBraz, Julio Emilio
240 1 0 _aComo se fôssemos invisíveis
_lpor
245 1 0 _aComo se fôssemos invisíveis
300 _a82
362 0 _a2014
440 1 _aFino Traço
697 _aLITERATURA JUVENIL
942 _cBK
999 _c191071
_d191071